00886nam a2200253 a 450000100060000000300080000600500170001400800410003103500190007204000270009104100080011808200250012610000360015124500560018725000240024326000430026730000360031050400360034665100450038265100320042794200120045999900170047195201440048863857BD-RjUL20211209081236.0040217s1977 enkacej b 001 0 eng  a(BD-RjUL)63987 aDLCcDLCdBD-RjULbeng aeng00a932.01223bMUS 19771 aMurray, Margaret Alice.918960514aThe splendour that was Egypt /cMargaret A. Murray. aNew and revised ed. aLondon :bBook club associates,c1977. axxiii, 256 p. :bill. ;c24 cm. aIncludes index and bibliography 0aEgyptxCivilizationyTo 332 B.C.9189606 0aEgyptxAntiquities.9188121 2ddccBK c63857d63857 00102ddc40718NFICaRUCLbRUCLcReadingd1981-06-25eDr.D. Hossaing240.00l0o932.01 MUS 1977r2017-02-04 00:00:00tC-1w2017-02-04yBK